00529nam a2200169Ia 450000500170000000800410001702000150005808200130007310000190008624500720010526000410017730000110021865000140022994200060024395200950024999900150034420240606020420.0240331s9999 xx 000 0 und d a9559062913 bBULa340 aBulankulame, I 4aThe debates on truth commissions :ba retrospective healing process aColombobLaw and Society Trustc2004 a34 p., aPolitics  cL 001040708LaWERCLbWERCLcSSCd2024-03-31l0o 340 BULp4920r2024-03-31w2024-03-31yL c2792d2792